Действие йодистых солей на эфиры галоидозамещенных карбоновых кислот; Всесоюзное химическое общество им. Д.И.Менделеева. Сообщения о научных работах членов общества; Вып. 4

Dettagli Bibliografici
Parent link:Всесоюзное химическое общество им. Д.И.Менделеева. Сообщения о научных работах членов общества
Вып. 4.— 1953.— С. 48-49
Autore principale: Тронов Б. В.
Altri autori: Самарин А. С.
Lingua:russo
Pubblicazione: 1953
Soggetti:
Natura: MixedMaterials Capitolo di libro
KOHA link:https://koha.lib.tpu.ru/cgi-bin/koha/opac-detail.pl?biblionumber=591507

MARC

LEADER 00000naa0a2200000 4500
001 591507
005 20250108122746.0
035 |a (RuTPU)RU\TPU\tpu\1837 
035 |a TPU00001837 
090 |a 591507 
100 |a 20011210d1953 k||y0rusy50 ca 
101 0 |a rus 
102 |a RU 
200 1 |a Действие йодистых солей на эфиры галоидозамещенных карбоновых кислот  |f Б. В. Тронов, А. С. Самарин 
461 |t Всесоюзное химическое общество им. Д.И.Менделеева. Сообщения о научных работах членов общества 
463 |t Вып. 4  |v С. 48-49  |d 1953 
610 1 |a химические науки 
610 1 |a труды учёных ТПУ 
700 1 |a Тронов  |b Б. В. 
701 1 |a Самарин  |b А. С. 
801 0 |a RU  |b 63413507  |c 20011210  |g PSBO 
801 2 |a RU  |b 63413507  |c 20060302  |g PSBO 
942 |c CR